000 00269nam a2200109Ia 4500
008 220204s9999 xx 000 0 und d
082 _a338.45(058)(540)
_bIND
245 0 _aIndian industries
250 _aEd.15
260 _aBombay
_bIndian Industries
_c1980
942 _cBK
999 _c40347
_d40347